2024 F1 Race Winners - Statistics

General Stats
  • This quiz has been taken 53 times
    39 since last reset
  • The average score is 24 of 24
Answer Stats
Track P1 P2 P3 % Correct
Silverstone L. Hamilton M. Verstappen L. Norris
100%
Belgium L. Hamilton O. Piastri C. Leclerc
100%
Miami L. Norris M. Verstappen C. Leclerc
100%
Netherlands L. Norris M. Verstappen C. Leclerc
100%
Singapore L. Norris M. Verstappen O.Piastri
100%
Abu Dhabi L. Norris C. Sainz C. Leclerc
100%
Bahrain M. Verstappen S. Perez C. Sainz
100%
Jeddah M. Verstappen S. Perez C. Leclerc
100%
Suzuka M. Verstappen S. Perez C. Sainz
100%
Shanghai M. Verstappen L. Norris S. Perez
100%
Imola M. Verstappen L. Norris C. Leclerc
100%
Canada M. Verstappen L. Norris G. Russell
100%
Barcelona M. Verstappen L. Norris L. Hamilton
100%
Sao Paulo M. Verstappen E. Ocon P. Gasly
100%
Qatar M. Verstappen C. Leclerc O. Piastri
100%
Monaco C. Leclerc O. Piastri C. Sainz
97%
Monza C. Leclerc O. Piastri L. Norris
97%
Austin C. Leclerc C. Sainz M. Verstappen
97%
Australia C. Sainz C. Leclerc O. Piastri
97%
Mexico C. Sainz L. Norris C. Leclerc
97%
Austria G. Russell O. Piastri C. Sainz
97%
Las Vegas G. Russell L. Hamilton C. Sainz
97%
Hungary O. Piastri L. Norris L. Hamilton
97%
Baku O. Piastri C. Leclerc G. Russell
97%
No matching quizzes found
Score Distribution
Percent of People with Each Score
Percentile by Number Answered
Your Score History
You have not taken this quiz since the last reset